000 00329 a2200157 4500
001 170530
020 _a
040 _cMagnum
100 _a-
240 1 0 _aO pec e a reforma do ensino medio
_lpor
245 1 0 _aO pec e a reforma do ensino medio
362 0 _a1899
440 1 _aDo Brasil
697 _aENSINO
942 _cBK
999 _c170530
_d170530